书目信息 |
| 题名: |
现代美国戏剧史
|
|
| 作者: | 周维培 著 | |
| 分册: | ||
| 出版信息: | 南京 江苏文艺出版社 1997.10 |
|
| 页数: | 423页 | |
| 开本: | 32开 | |
| 丛书名: | 跨世纪文论丛书 | |
| 单 册: | ||
| 中图分类: | I712.073 | |
| 科图分类: | ||
| 主题词: | 戏剧--史料--美国--现代 | |
| 电子资源: | ||
| ISBN: | 7-5399-1153-0 | |
| 000 | 00685nam0 2200241 45 | |
| 001 | 0105211580 | |
| 005 | 20031219104049.8 | |
| 010 | @a7-5399-1153-0@dCNY17.80 | |
| 100 | @a20010521d1997 km y0chiy0120 ea | |
| 101 | 0 | @achi |
| 105 | @a z 000yy | |
| 200 | 1 | @a现代美国戏剧史@AXian Dai Mei Guo Xi Ju Shi@e1900-1950@f周维培著@FZhou Wei Pei Zhu |
| 210 | @a南京@c江苏文艺出版社@d1997.10 | |
| 215 | @a423页@d32开 | |
| 225 | @a跨世纪文论丛书 | |
| 410 | @12001 @a跨世纪文论丛书 | |
| 517 | @a1900-1950 | |
| 606 | 0 | @a戏剧@x史料@y美国@z现代 |
| 610 | 0 | @a戏剧史 |
| 690 | @aI712.073@v4 | |
| 701 | @a周维培@4著 | |
| 801 | @aCN@bTSTC@c20010521 | |
| 905 | @f5@b297209-213@dI712.073@e314 | |
| 现代美国戏剧史:1900-1950/周维培著.-南京:江苏文艺出版社,1997.10 |
| 423页;32开.-(跨世纪文论丛书) |
| ISBN 7-5399-1153-0:CNY17.80 |
| ● |
| 相关链接 |
|
|
|
|
正题名:现代美国戏剧史
索取号:I712.073/314
 
预约/预借
| 序号 | 登录号 | 条形码 | 馆藏地/架位号 | 状态 | 备注 |
| 1 | 0297209 | 202972097 | 第二借阅区/ [索取号:I712.073/314] | 在馆 | |
| 2 | 0297210 | 202972104 | 第二借阅区/ [索取号:I712.073/314] | 在馆 | |
| 3 | 0297211 | 202972113 | 第二借阅区/ [索取号:I712.073/314] | 在馆 | |
| 4 | 0297212 | 202972122 | 第二借阅区/ [索取号:I712.073/314] | 在馆 | |
| 5 | 0297213 | 202972131 | 第一样本阅览室/ [索取号:I712.073/314] | 在馆 |